La Organización del Crimen /

Guardat en:
Dades bibliogràfiques
Autor principal: McIntosh, Mary (autor)
Format: Llibre
Idioma:espanyol
Matèries:
Etiquetes: Afegir etiqueta
Sense etiquetes, Sigues el primer a etiquetar aquest registre!

MARC

LEADER 00000nam^a2200000^a^4500
001 000075051
005 20250521000000.0
009 20260310091726.141
037 |a Acervo ITESO - Biblioteca 
041 |a ESP 
082 |a 364. 2  |b MCI 
100 |a McIntosh, Mary  |e (autor) 
245 1 3 |a La Organización del Crimen /  |c M. Mcintosh ; tr. por Nicolás Grab. 
264 |a México :  |b Siglo XXI,  |c 1977 
300 |a 104 p. 
336 |a texto  |b txt  |2 rdacontenido 
337 |a sin mediación  |b n  |2 rdamedio 
338 |a volumen  |b nc  |2 rdasoporte 
500 |a Traducción de: The Organisation of Crime 
649 |a XX 
650 |a Derecho Penal 
650 |a Criminología 
650 |a Sociología 
650 |a Problemas Sociales 
650 |a Delincuencia 
910 |a Fondo Armando Suárez Gómez 
920 |a Impresos - Libros 
930 |a Fondos Especiales 
905 |a 111 
901 |a 0700006154  |b IT2  |c ESP  |u 20250521 
902 |a https://opac.biblio.iteso.mx/vufind/Record/000075051